Pays commençant par B (avec une carte semi-vide) - Statistiques

Statistiques générales
  • Ce quiz a été pris 554 fois
  • Le résultat moyen est 192 sur 196
Réponses sur la Carte
Les réponses sont colorées sur une échelle allant du rouge au vert en fonction du pourcentage des utilisateurs qui les ont devinées à leur premier essai. Vous pouvez retrouver ces pourcentages ci-dessous.
 
Statistiques - réponses
pays % Correct
x
100%
Brésil
97%
Bolivie
96%
Botswana
90%
Belgique
89%
Biélorussie
89%
Burkina Faso
86%
Bénin
85%
Bhoutan
84%
Birmanie
81%
Bangladesh
75%
Bulgarie
74%
Burundi
74%
Bahamas
67%
Bosnie-Herzégovine
67%
Brunei
66%
Bahreïn
63%
Barbade
62%
Belize
59%
Aucun quiz correspondant
Distribution des résultats
% des personnes avec chaque résultat
Percentile par nombre de réponses
Votre historique - résultats
Vous n’avez pas pris ce quiz